000 00393nam a2200145Ia 4500
008 220217s9999||||xx |||||||||||||| ||und||
020 _a978-81-317-1953-4
082 _a621.382 TOM
100 _aTomasi, Wayne
245 0 _aElectronic communications systems
250 _a5th
260 _aPearson education asia
_bNew Delhi
_c2008
300 _b550
650 _aCOMMUNICATION SYSTEM
999 _c176154
_d176154